[Event "BCF-ch"]
[Site "Southport"]
[Date "1983.??.??"]
[Round "6"]
[White "Chandler, Murray G"]
[Black "Flear, Glenn C"]
[Result "1-0"]
[WhiteElo "2485"]
[BlackElo "2380"]

1.e4 e5 2.Nf3 Nc6 3.Bb5 a6 4.Ba4 Nf6 5.O-O b5 6.Bb3 Bb7 7.d4 Nxd4 8.Bxf7+ Kxf7
9.Nxe5+ Kg8 10.Qxd4 c5 11.Qd1 Qe8 12.Nf3 Qxe4 13.Bg5 Qg6 14.Nc3 Rd8 15.Bh4 d5
16.Ne2 Bd6 17.Ng3 d4 18.a4 h6 19.axb5 axb5 20.Re1 Kh7 21.Bxf6 Qxf6 22.Qd3+ Qg6
23.Qxg6+ Kxg6 24.Ne5+ Bxe5 25.Rxe5 Bd5 26.Nf5 Kf6 27.f4 Rhe8 28.Ra6+ Re6
29.Rexe6+ Bxe6 30.Nxg7 Kxg7 31.Rxe6 d3 32.cxd3 Rxd3 33.Re5 Rb3 34.Rxc5 Rxb2
35.h4 Rb4 36.g3 Rb2 37.h5 b4 38.Rb5 b3 39.g4 Kf6 40.g5+ hxg5 41.fxg5+ Ke6
42.h6  1-0

[Event "BCF-ch"]
[Site "Southport"]
[Date "1983.??.??"]
[Round "8"]
[White "Large, Peter G"]
[Black "Flear, Glenn C"]
[Result "0-1"]
[WhiteElo "2310"]
[BlackElo "2380"]

1.e4 e5 2.Nf3 Nc6 3.Bb5 a6 4.Ba4 Nf6 5.O-O b5 6.Bb3 Bb7 7.Nc3 h6 8.d3 g6
9.Ne1 Bg7 10.f4 exf4 11.Bxf4 O-O 12.Nd5 Nxd5 13.Bxd5 Na5 14.Qd2 c6 15.Bb3 Nxb3
16.axb3 Bxb2 17.Rd1 Bd4+ 18.Kh1 g5 19.Bd6 Re8 20.Nf3 Bg7 21.Qf2 Qf6 22.e5 Qg6
23.Qb6 Bc8 24.Rde1 a5 25.Nd4 a4 26.bxa4 Rxa4 27.Nf5 Qe6 28.Nxg7 Kxg7 29.Rf6 Qd5
30.Ref1 c5 31.c4 bxc4 32.dxc4 Rxc4 33.e6 Rc2 34.Rxf7+ Kg6 35.R7f3 dxe6 36.Qc7 Qb7
37.Qa5 Rxg2 38.Qc3 Rg4 39.Qf6+ Kh7 40.h3 Rh4 41.Kg1 e5 42.Qf7+ Qxf7 43.Rxf7+ Kg6
44.R1f6+ Kh5 45.Rh7 Bxh3 46.Bxc5 Rc4 47.Rfxh6+ Kg4 48.Be3 Rb8 49.Rxh3 Rb3
50.Kh2 Rc2+  0-1

[Event "BCF-ch"]
[Site "Southport"]
[Date "1983.??.??"]
[Round "11"]
[White "Pritchett, Craig William"]
[Black "Flear, Glenn C"]
[Result "1/2-1/2"]
[WhiteElo "2400"]
[BlackElo "2380"]

1.e4 e5 2.Nf3 Nc6 3.Bb5 a6 4.Ba4 Nf6 5.O-O b5 6.Bb3 Bb7 7.Nc3 h6 8.d3 g6
9.Bd2 Bg7 10.a4 b4 11.Nd5 a5 12.c3 bxc3 13.bxc3 O-O 14.Ne1 Rb8 15.f4 Nxd5
16.Bxd5 exf4 17.Bxf4 Ne5 18.Bxb7 Rxb7 19.d4 Nc6 20.Qd2 Qh4 21.Nf3 Qh5 22.Rab1 Rfb8
23.Rxb7 Rxb7 24.Qd3 Qg4 25.Bg3 Rb2 26.Rf2 Rb3 27.Qc2 Rb7 28.d5 Nb8 29.Ne5 Bxe5
30.Bxe5 d6 31.h3 Qh5 32.Bd4 Nd7 33.Rf1 Qh4 34.c4 Rb4 35.Bf2 Qg5 36.Be1 Qe3+
37.Kh2 Rb7 38.Bd2 Qe2 39.Re1 Qf2 40.Qc3 Ne5 41.c5 Kh7 42.cxd6 cxd6 43.Kh1 Rb4
44.Qc1 Rxa4 45.Rf1 Qe2 46.Re1 Qc4 47.Bxh6 Nd3 48.Qxc4 Rxc4 49.Re3 Rc3 50.Bg5 Nf2+
51.Kg1 Rxe3 52.Bxe3 Nxe4 53.Bd4 g5 54.Kf1 Kg6 55.Ke2 Nf6 56.Bc3 a4 57.Bb4 Ne4
58.Kf3 Kf5 59.g3 Ke5 60.h4 Nxg3 61.Kxg3 gxh4+ 62.Kxh4 Kxd5 63.Kg4 Kc6 64.Kf4 d5
65.Ke3 Kb5 66.Be7 Kc4 67.Bf6 a3 68.Kd2 d4 69.Kc2 a2 70.Kb2 d3 71.Kc1 Kd5
72.Kd1 Ke6 73.Ba1 Kf5 74.Kd2 Ke4 75.Bf6  1/2-1/2

[Event "SWE-ch"]
[Site "?"]
[Date "1983.??.??"]
[Round "?"]
[White "Hammar, Bengt"]
[Black "Lind, Jan Olov"]
[Result "1-0"]
[WhiteElo "2370"]
[BlackElo "2300"]

1.e4 e5 2.Nf3 Nc6 3.Bb5 a6 4.Ba4 Nf6 5.O-O b5 6.Bb3 Bb7 7.c3 Nxe4 8.d4 d5
9.dxe5 Na5 10.Bc2 Be7 11.Nbd2 Nxd2 12.Qxd2 O-O 13.Qd3 g6 14.Bh6 Re8 15.Qd4 c5
16.Qf4 d4 17.Rad1 Qc7 18.cxd4 Bxf3 19.Qxf3 cxd4 20.Be4 Rad8 21.b3 Qxe5 22.Bf4 Qe6
23.Bc7 Bb4 24.Bxd8 Qxe4 25.Qxe4 Rxe4 26.a3 Nc6 27.axb4 Nxd8 28.f3 Re3 29.Rxd4 Nc6
30.Re4 Rxb3 31.Rc1 Nxb4 32.Rc7 a5 33.Re8+ Kg7 34.Ree7 Kf6 35.Rxf7+ Ke5 36.Rfe7+ Kd4
37.Re4+ Kd5 38.Rxh7 a4 39.Rd7+ Kc6 40.Rg7 Nd3 41.Rxg6+ Kc5 42.h4 a3 43.Ra6 Nb4
44.Ra5 Nc6 45.Ra8 b4 46.h5 Rd3 47.Re1 Rd7 48.g4 Nd4 49.Rc1+ Kb6 50.Rb1 Nc2
51.h6 Rh7 52.g5 Kb5 53.Kf2 Kc4 54.Rc8+ Kd3 55.Rd1+  1-0

[Event "URS-FL"]
[Site "Tallinn"]
[Date "1983.??.??"]
[Round "?"]
[White "Petrushin, Alexander I"]
[Black "Malaniuk, Vladimir P"]
[Result "1-0"]
[WhiteElo "2415"]
[BlackElo "2485"]

1.e4 e5 2.Nf3 Nc6 3.Bb5 a6 4.Ba4 Nf6 5.O-O b5 6.Bb3 Bb7 7.c3 h6 8.d4 d6 9.Qe2 Be7
10.Rd1 Nd7 11.Nbd2 O-O 12.Nf1 Re8 13.Ng3 Bf8 14.a4 exd4 15.cxd4 bxa4 16.Bxa4 Nb6
17.Bc2 Nb4 18.Bb1 a5 19.Qd2 c5 20.Qf4 cxd4 21.Nxd4 Nc4 22.Ndf5 Qf6 23.Nh5 Qg6
24.Qh4 Re5 25.Nhg3 a4 26.Bf4 Nxb2 27.Bxe5 dxe5 28.Rd8 Qb6 29.Rxa8 Bxa8 30.Nf1 Nc4
31.Rxa4 Bc6 32.Ra1 Kh7 33.Qg3 g6 34.Qb3 Bb5 35.N5e3 Qe6 36.Ra7 Kg7 37.Rc7 Na6
38.Rxc4 Bxc4 39.Qxc4 Qb6 40.Ba2 Qa7 41.Qd5 Qc7 42.Nc4 Nb4 43.Qd2  1-0

[Event "Hamburg op"]
[Site "Hamburg"]
[Date "1984.??.??"]
[Round "1"]
[White "Westerinen, Heikki MJ"]
[Black "Harandi, Khosro"]
[Result "1/2-1/2"]
[WhiteElo "2415"]
[BlackElo "2415"]

1.e4 e5 2.Nf3 Nc6 3.Bb5 a6 4.Ba4 Nf6 5.O-O b5 6.Bb3 Bb7 7.d3 Be7 8.Nc3 d6
9.a4 Na5 10.Ba2 b4 11.Ne2 O-O 12.Ng3 c5 13.Bd2 Rb8 14.Nf5 Bc8 15.N3h4 Ne8
16.Qh5 Bxh4 17.Nxh4 Nf6 18.Qf3 Nc6 19.c3 b3 20.Bb1 Bg4 21.Qg3 Qd7 22.h3 Be6
23.Bh6 Ne8 24.Be3 Qe7 25.f4 f6 26.Nf3 Bf7 27.Nh4 Be6 28.Nf3 Bf7  1/2-1/2

[Event "Hastings8485"]
[Site "Hastings"]
[Date "1984.??.??"]
[Round "6"]
[White "Plaskett, Jim"]
[Black "Flear, Glenn C"]
[Result "1-0"]
[WhiteElo "2470"]
[BlackElo "2455"]

1.e4 e5 2.Nf3 Nc6 3.Bb5 a6 4.Ba4 Nf6 5.O-O b5 6.Bb3 Bb7 7.c3 Nxe4 8.d4 d5
9.dxe5 Na5 10.Bc2 Qd7 11.Nd4 c5 12.Nb3 Nxb3 13.axb3 Be7 14.Qe2 Qc6 15.f3 Ng5
16.Nd2 O-O-O 17.f4 Ne4 18.Nxe4 dxe4 19.Re1 f5 20.exf6 Bxf6 21.Bxe4 Qxe4 22.Qxe4 Bxe4
23.Rxe4 Rd1+ 24.Kf2 Kb7 25.Re1 Rd3 26.Be3 b4 27.Red1 Rxd1 28.Rxd1 bxc3 29.bxc3 Bxc3
30.Bxc5 Rc8 31.Be3 Bf6 32.Rd2 Rc3 33.Bd4 Bxd4+ 34.Rxd4 Kc6 35.b4 h5 36.Re4 Kb5
37.f5 Rc4 38.Rxc4 Kxc4 39.h4 Kxb4 40.g4 a5 41.g5  1-0

[Event "SWE-ch"]
[Site "Linkoping"]
[Date "1984.??.??"]
[Round "?"]
[White "Hammar, Bengt"]
[Black "Lind, Jan Olov"]
[Result "1/2-1/2"]
[WhiteElo "2375"]
[BlackElo "2290"]

1.e4 e5 2.Nf3 Nc6 3.Bb5 a6 4.Ba4 Nf6 5.O-O b5 6.Bb3 Bb7 7.Re1 Bc5 8.c3 d6
9.d4 Bb6 10.a4 h6 11.Bc2 O-O 12.axb5 axb5 13.Rxa8 Qxa8 14.Na3 exd4 15.Nxb5 dxc3
16.bxc3 Na7 17.Nxa7 Qxa7 18.Be3 Bxe3 19.Rxe3 Ng4 20.Re2 Ba6 21.Rd2 Qc5 22.h3 Nf6
23.Qa1 Bb7 24.Rd4 Nd7 25.Rb4 Ra8 26.Qb2 Nb6 27.Bb3 Bc6 28.Nd2 Qg5 29.Nf3 Qa5
30.Qd2 Re8 31.Bc2 Nd7 32.Qc1 Nc5 33.Nd2 Qa8 34.f3 Qa7 35.Kh1 Ne6 36.Nf1 Qf2
37.Bd3 Ra8 38.Rb2 Qh4 39.Ne3 Qg5 40.Qe1 Nf4 41.Bf1 Re8 42.Qf2 Ne6 43.Ra2 Rb8
44.Qe1 g6 45.Bc4 Nc5 46.Ra7 Rb7 47.Rxb7 Bxb7 48.Qd2 h5 49.Qd4 Qf4 50.Kg1 Kh7
51.Nf1 Kg8  1/2-1/2

[Event "Lvov"]
[Site "Lvov"]
[Date "1984.??.??"]
[Round "3"]
[White "Mikhalchishin, Adrian"]
[Black "Malaniuk, Vladimir P"]
[Result "1/2-1/2"]
[WhiteElo "2480"]
[BlackElo "2485"]

1.e4 e5 2.Nf3 Nc6 3.Bb5 a6 4.Ba4 Nf6 5.O-O b5 6.Bb3 Bb7 7.Re1 Bc5 8.c3 d6
9.d4 Bb6 10.Be3 O-O 11.Nbd2 h6 12.h3 exd4 13.cxd4 Nb4 14.Qb1 c5 15.a3 Nc6
16.e5 dxe5 17.dxc5 Ba7 18.Bxh6 gxh6 19.Qg6+ Kh8 20.Qxh6+ Nh7 21.Ne4 Nd4 22.Nxd4 exd4
23.Nd6 Bc6 24.Nxf7+ Rxf7 25.Bxf7 Qc7 26.Rad1 Bxg2 27.Bg6 Rg8 28.Bxh7 Qxh7
29.Qf6+ Qg7 30.Qh4+ Qh7 31.Qf6+ Qg7 32.Qh4+ Qh7 33.Qxd4+ Qg7 34.Qh4+ Qh7
35.Qf6+ Qg7 36.Qh4+ Qh7 37.Qxh7+ Kxh7 38.Re7+ Kh8 39.Rd6 Bd5+ 40.Kf1 Bc4+
41.Ke1 Rg1+ 42.Kd2 Bxc5 43.Rh6+ Kg8 44.Rc7 Bxf2 45.Rxa6 Rg7 46.Ra8+ Kh7 47.Rxg7+ Kxg7
48.a4 bxa4 49.Rxa4 Be6 50.h4 Bg3 51.Ke3 Kf6 52.h5 Be5 53.b4 Bc4 54.Ra7 Bb2
55.Rc7 Bb5 56.Rc5 Be8 57.Ke4 Ba3 58.Rf5+ Kg7 59.b5 Bd6 60.b6 Bc6+ 61.Kd4 Bh2  1/2-1/2

[Event "Lvov"]
[Site "Lvov"]
[Date "1984.??.??"]
[Round "11"]
[White "Horvath, Tamas"]
[Black "Malaniuk, Vladimir P"]
[Result "1-0"]
[WhiteElo "2440"]
[BlackElo "2485"]

1.e4 e5 2.Nf3 Nc6 3.Bb5 a6 4.Ba4 Nf6 5.O-O b5 6.Bb3 Bb7 7.Re1 Bc5 8.c3 d6
9.d4 Bb6 10.Bg5 h6 11.Bh4 Qd7 12.a4 O-O-O 13.axb5 axb5 14.Na3 g5 15.Bg3 h5
16.h4 gxh4 17.Bxh4 Rh6 18.Ng5 Rg6 19.Nxb5 d5 20.exd5 Na5 21.Rxa5 Nxd5 22.Ba4 c6
23.Na7+ Kb8 24.Rxd5 Qxd5 25.Bb3 Qd7 26.Bxf7 Rd6 27.Rxe5 Kxa7 28.Qxh5 c5 29.Ne4 cxd4
30.Nxd6 dxc3 31.Bxd8 Bxd8 32.Nxb7 c2 33.Re1 Qd2 34.Ra1+ Kb8 35.Qe5+ Bc7 36.Qe8+ Kxb7
37.Bd5+  1-0

[Event "Lvov"]
[Site "Lvov"]
[Date "1984.??.??"]
[Round "13"]
[White "Horvath, Tamas"]
[Black "Mikhalchishin, Adrian"]
[Result "0-1"]
[WhiteElo "2440"]
[BlackElo "2480"]

1.e4 e5 2.Nf3 Nc6 3.Bb5 a6 4.Ba4 Nf6 5.O-O b5 6.Bb3 Bb7 7.Re1 Bc5 8.c3 d6
9.d4 Bb6 10.a3 h6 11.Ba2 O-O 12.h3 Qd7 13.Be3 Rae8 14.d5 Ne7 15.Bxb6 cxb6
16.Nbd2 Ng6 17.Nf1 Nf4 18.Rc1 g6 19.Bb1 Nh7 20.Ne3 Ng5 21.Nxg5 hxg5 22.c4 bxc4
23.Nxc4 Qd8 24.Qd2 b5 25.Na5 Bc8 26.Nc6 Qf6 27.Na7 Nxg2 28.Kxg2 Bxh3+ 29.Kh2 Kg7
30.Rc3 Rh8 31.Rg1 Bf1+ 32.Kg3 g4 33.Kxg4 Rh4+ 34.Kg3 Rh3+  0-1

[Event "Moscow-ch"]
[Site "Moscow"]
[Date "1984.??.??"]
[Round "?"]
[White "Kholmov, Ratmir D"]
[Black "Kuzmin, Alexey"]
[Result "1-0"]
[WhiteElo "2465"]
[BlackElo "2365"]

1.e4 e5 2.Nf3 Nc6 3.Bb5 a6 4.Ba4 Nf6 5.O-O b5 6.Bb3 Bb7 7.d3 Be7 8.c4 b4
9.Ba4 d6 10.a3 a5 11.axb4 axb4 12.Bxc6+ Bxc6 13.Rxa8 Qxa8 14.Bd2 Qa2 15.Bxb4 Qxb2
16.Ba3 Qb8 17.Nc3 Qd8 18.Nd5 O-O 19.Qc2 Ba8 20.d4 exd4 21.Nxd4 c6 22.Nxe7+ Qxe7
23.f3 Rd8 24.Kh1 c5 25.Nf5 Qe6 26.Bb2 Ne8 27.Ra1 Bc6 28.Ra6 Bb7 29.Rb6 Bc8
30.h3 f6 31.Rb8 Qd7 32.Qb3 Qc7 33.Ne3 Be6 34.Rb7 Qc6 35.Nd5 Bxd5 36.exd5 Qc8
37.Qb6 Kf8 38.Qa7  1-0

[Event "Thessaloniki ol (Women)"]
[Site "Thessaloniki"]
[Date "1984.??.??"]
[Round "12"]
[White "Justo, Virginia"]
[Black "Ribeiro, Regina"]
[Result "0-1"]
[WhiteElo "2050"]
[BlackElo "1905"]

1.e4 e5 2.Nf3 Nc6 3.Bb5 a6 4.Ba4 Nf6 5.O-O b5 6.Bb3 Bb7 7.Re1 Bc5 8.c3 d6
9.d4 Bb6 10.a4 b4 11.d5 Na5 12.cxb4 Nxb3 13.Qxb3 Ng4 14.Re2 Qf6 15.Nbd2 Qg6
16.a5 Bxf2+ 17.Rxf2 Nxf2 18.Kxf2 O-O 19.Qd3 Bc8 20.Ra3 f5 21.Rc3 fxe4 22.Nxe4 Bf5
23.Rc4 Rf7 24.Kg1 Raf8 25.Nfg5 Bxe4 26.Nxe4 Rf1+ 27.Qxf1 Rxf1+ 28.Kxf1 Qf7+
29.Nf2 Qxd5 30.Rxc7 Qb5+ 31.Ke1 Qxb4+ 32.Bd2 Qxb2 33.Nd1 Qd4 34.Be3 Qh4+
35.Kf1 Qa4 36.Nc3 Qxa5 37.Rc8+ Kf7 38.Kf2  0-1

[Event "URS Cup"]
[Site "URS"]
[Date "1984.??.??"]
[Round "?"]
[White "Dvoirys, Semen I"]
[Black "Giorgadze, Tamaz"]
[Result "1-0"]
[WhiteElo "2485"]
[BlackElo "2495"]

1.e4 e5 2.Nf3 Nc6 3.Bb5 a6 4.Ba4 Nf6 5.O-O b5 6.Bb3 Bb7 7.c3 Nxe4 8.d4 Na5
9.Bc2 exd4 10.b4 Nc4 11.Bxe4 Bxe4 12.Re1 d5 13.Nxd4 Bd6 14.f3 Qh4 15.h3 O-O
16.fxe4 Qg3 17.Nf5 Qh2+ 18.Kf2 g6 19.Nxd6 cxd6 20.Nd2 f5 21.Nf3 fxe4 22.Qxd5+ Kh8
23.Qxa8  1-0

[Event "Yerevan"]
[Site "Yerevan"]
[Date "1984.??.??"]
[Round "?"]
[White "Eolian, Levon S"]
[Black "Malaniuk, Vladimir P"]
[Result "1-0"]
[WhiteElo "2425"]
[BlackElo "2485"]

1.e4 e5 2.Nf3 Nc6 3.Bb5 a6 4.Ba4 Nf6 5.O-O b5 6.Bb3 Bb7 7.Nc3 Be7 8.d3 O-O
9.Nd5 Nxd5 10.Bxd5 d6 11.Bd2 Qc8 12.c3 Nd8 13.Re1 Bf6 14.d4 Ne6 15.Be3 Re8
16.a4 c6 17.Ba2 c5 18.d5 Nf8 19.Bb1 Qb8 20.Nd2 Bc8 21.Bd3 Bd7 22.a5 Qd8 23.g3 c4
24.Bb6 Qc8 25.Bf1 Bd8 26.Bxd8 Rxd8 27.b3 cxb3 28.Qxb3 Qc7 29.c4 Rdb8 30.Rec1 b4
31.c5 dxc5 32.Qe3 Rc8 33.Nc4 Bb5 34.Nb6 Nd7 35.Bxb5 axb5 36.Nxd7 Qxd7 37.Rxc5 Rxc5
38.Qxc5 b3 39.Qb4 Qd8 40.Qxb3 Rxa5 41.Rc1 Qd7 42.Qc3  1-0

[Event "ARG-ch"]
[Site "Buenos Aires"]
[Date "1985.??.??"]
[Round "2"]
[White "Bronstein, Luis"]
[Black "Soppe, Guillermo"]
[Result "1/2-1/2"]
[WhiteElo "2415"]
[BlackElo "2370"]

1.e4 e5 2.Nf3 Nc6 3.Bb5 a6 4.Ba4 Nf6 5.O-O b5 6.Bb3 Bb7 7.c3 h6 8.d4 d6 9.Re1 g6
10.a4 Bg7 11.dxe5 dxe5 12.Qxd8+ Rxd8 13.axb5 axb5 14.Na3 Ra8 15.Be3 Ra5 16.Nxb5 Rxb5
17.Ba4 Rxb2 18.Nxe5 O-O 19.Bxc6 Bxc6 20.Nxc6 Nxe4 21.Bc1 Rb6 22.Ne7+ Kh7
23.Rxe4 Bxc3 24.Ra3 Rd8 25.g3 Rd1+ 26.Kg2 Rxc1 27.Rc4 Bb2 28.Rxc1 Bxa3 29.Rxc7 Bxe7  1/2-1/2

[Event "Midwest Masters"]
[Site "Chicago"]
[Date "1985.??.??"]
[Round "2"]
[White "Dandridge, Marvin"]
[Black "Martinovsky, Eugene"]
[Result "1-0"]
[WhiteElo "2200"]
[BlackElo "2230"]

1.e4 e5 2.Nf3 Nc6 3.Bb5 a6 4.Ba4 Nf6 5.O-O b5 6.Bb3 Bb7 7.Re1 Bc5 8.c3 d6
9.d3 h6 10.Nbd2 O-O 11.h3 Re8 12.Nf1 Qd7 13.Ng3 d5 14.Qe2 Rad8 15.Rd1 Bf8
16.Be3 Na5 17.Bc2 c5 18.b4 Nc6 19.Bxc5 Bxc5 20.bxc5 Qe7 21.exd5 Nxd5 22.Ne4 f5
23.Bb3 Na5 24.Bxd5+ Rxd5 25.Nd6 Rf8 26.d4 e4 27.Ne5 Rxe5 28.dxe5 Qxe5 29.Qe3 Ba8
30.Qd4 Qe6 31.Qb4 f4 32.Qxa5 f3 33.Qb4 Kh8 34.Qb3 Qg6 35.g3 e3 36.Rd4 Qh5
37.Qe6 exf2+ 38.Kxf2 Qxc5 39.Qe7 Kg8 40.Re1 Bc6 41.Re3 Qa3 42.Qe6+ Kh8 43.Qb3 Qc5
44.Nf7+ Kh7 45.Re5 Qa7 46.Nd6 b4 47.Qc4 bxc3 48.Qxc3 Rd8 49.Rc5 Ba8 50.Nc8  1-0

[Event "Copenhagen"]
[Site "Copenhagen"]
[Date "1985.??.??"]
[Round "4"]
[White "Plaskett, Jim"]
[Black "Mortensen, Erling"]
[Result "1-0"]
[WhiteElo "2495"]
[BlackElo "2460"]

1.e4 e5 2.Nf3 Nc6 3.Bb5 a6 4.Ba4 Nf6 5.O-O b5 6.Bb3 Bb7 7.c3 Nxe4 8.d4 Na5
9.Bc2 exd4 10.b4 Nc4 11.Bxe4 Bxe4 12.Re1 d5 13.Nxd4 Bd6 14.f3 Qh4 15.h3 Qg3
16.Nf5 Qh2+ 17.Kf2 O-O-O 18.fxe4 g6 19.Nxd6+ Rxd6 20.Qg4+ Kb7 21.Qf4 Qxf4+
22.Bxf4 Rf6 23.Kg3 Re8 24.Nd2 Rxf4 25.Nxc4 Rfxe4 26.Na5+ Kb6 27.Rxe4 Rxe4
28.Kf3 f5 29.Rd1 c6 30.Rd2 Kc7 31.Re2 Kd6 32.Nb7+ Ke5 33.Nd8 Kd6 34.Nb7+ Ke5
35.Nd8 Kd6 36.Nf7+ Kc7 37.Rxe4 dxe4+ 38.Ke3 Kd7 39.Kd4 Ke7 40.Ne5 Kd6 41.h4 Kc7
42.g3  1-0

[Event "Lloyds Bank op"]
[Site "London"]
[Date "1985.??.??"]
[Round "?"]
[White "Thipsay, Praveen Mahadeo"]
[Black "Kuzmin, Gennadi P"]
[Result "0-1"]
[WhiteElo "2495"]
[BlackElo "2500"]

1.e4 e5 2.Nf3 Nc6 3.Bb5 a6 4.Ba4 Nf6 5.O-O b5 6.Bb3 Bb7 7.Re1 Bc5 8.c3 d6
9.d3 O-O 10.Bg5 h6 11.Bh4 Bb6 12.Nbd2 Nb8 13.Nf1 Nbd7 14.Ne3 Bxe3 15.Rxe3 Re8
16.Bg3 Nc5 17.Bc2 a5 18.Qd2 Rb8 19.a3 a4 20.Rae1 Re6 21.Nh4 Qf8 22.Nf5 g6
23.Bh4 Nh5 24.d4 gxf5 25.dxc5 f4 26.Rh3 dxc5 27.Qd7 Qd6 28.Rd3 Qxd7 29.Rxd7 Rc8
30.Red1 Kg7 31.f3 Nf6 32.R7d2 Ne8 33.Bf2 c4 34.Ba7 Nd6 35.Bf2 Kf8 36.Bc5 Ke7
37.Kf1 Rg8 38.Bb4 Reg6 39.Bc5 Kd7 40.Bb1 Kc6 41.Bg1 Bc8 42.Ba7 Be6 43.Re2 R6g7
44.Rdd2 Nc8 45.Bg1 Ne7 46.Ba7 Rg5 47.Bc2 Rh5 48.Kg1 Ng6 49.Bf2 Nh4 50.Bxh4 Rxh4
51.Re1 Rh5 52.Ree2 Rhg5 53.Kf1 Kb6 54.Re1 h5 55.h4 Rg3 56.Ree2 Ka5 57.Rf2 Ka6
58.Rd1 Kb7 59.Rdd2 Kb8 60.Rd1 Kc8 61.Rdd2 c5 62.Rd1 Kc7 63.Rdd2 Rb8 64.Ke1 Rgg8
65.Rd1 Rb6 66.Re2 b4 67.Rdd2 Ra8 68.Bd1 Kc6 69.Bc2 Kb5 70.Kf2 Ka6 71.Ke1 Ka5
72.Rd1 Rg8 73.Rdd2 Rgb8 74.Rd1 b3 75.Bb1 Rg8 76.Kf2 Bh3 77.Kg1 Rbg6 78.Rdd2 Rg3
79.Kh2 Kb5 80.Rf2 R8g6 81.Kg1 Kc6 82.Kh2 Bxg2  0-1

[Event "WchT U26"]
[Site "Mendoza"]
[Date "1985.??.??"]
[Round "7"]
[White "Souza, Ivan"]
[Black "Soppe, Guillermo"]
[Result "1-0"]
[WhiteElo "2300"]
[BlackElo "2370"]

1.e4 e5 2.Nf3 Nc6 3.Bb5 a6 4.Ba4 Nf6 5.O-O b5 6.Bb3 Bb7 7.Re1 Bc5 8.c3 d6
9.d4 Bb6 10.d5 Ne7 11.Nbd2 O-O 12.Nf1 h6 13.Ng3 Bc8 14.h3 Ng6 15.Nf5 Nxe4
16.Nxh6+ gxh6 17.Rxe4 f5 18.Re1 Kg7 19.Bc2 Rg8 20.Qd2 Rh8 21.a4 Bd7 22.Kh2 Rc8
23.axb5 axb5 24.Rg1 Qf6 25.Qe2 e4 26.Nd4 Qe5+ 27.Kh1 Bxd4 28.cxd4 Qxd5 29.f3 Bc6
30.fxe4 fxe4 31.Qe3 Qh5 32.Ra7 Bd5 33.Bd2 Rhf8 34.Bd1 Rf3 35.Bxf3 exf3 36.Kh2 fxg2
37.Qg3 Qe2 38.Bf4 Kh7 39.Bxd6 Rg8 40.Rxc7+ Kh8 41.Be5+ Nxe5 42.Qxe5+ Qxe5+
43.dxe5 Re8 44.Re1 Rf8 45.Rg1 Rf3 46.Rc3 Rf7 47.Rc5 Bb7 48.e6  1-0

[Event "URS-chI"]
[Site "Minsk"]
[Date "1985.??.??"]
[Round "7"]
[White "Mikhalchishin, Adrian"]
[Black "Malaniuk, Vladimir P"]
[Result "1/2-1/2"]
[WhiteElo "2505"]
[BlackElo "2465"]

1.e4 e5 2.Nf3 Nc6 3.Bb5 a6 4.Ba4 Nf6 5.O-O b5 6.Bb3 Bb7 7.c3 h6 8.d4 d6 9.Re1 g6
10.a4 Bg7 11.axb5 axb5 12.Rxa8 Qxa8 13.Na3 Qa5 14.d5 Na7 15.Be3 O-O 16.Bxa7 Qxa7
17.Nxb5 Qc5 18.c4 Ba6 19.Qe2 Bxb5 20.cxb5 Rb8 21.Ba4 Qa7 22.Bb3  1/2-1/2

[Event "Poznan"]
[Site "Poznan"]
[Date "1985.??.??"]
[Round "7"]
[White "Woda, Jacek"]
[Black "Panczyk, Krzysztof"]
[Result "0-1"]
[WhiteElo "2210"]
[BlackElo "2410"]

1.e4 e5 2.Nf3 Nc6 3.Bb5 a6 4.Ba4 Nf6 5.O-O b5 6.Bb3 Bb7 7.Re1 Bc5 8.c3 d6
9.d4 Bb6 10.Bg5 h6 11.Bh4 Qe7 12.a4 O-O 13.axb5 axb5 14.Rxa8 Rxa8 15.Na3 Na5
16.Bxf6 Qxf6 17.Nxb5 Nxb3 18.Qxb3 Rb8 19.Qc4 Qe7 20.d5 Ba6 21.Kh1 Qd7  0-1

[Event "Prague zt"]
[Site "Prague"]
[Date "1985.??.??"]
[Round "2"]
[White "Jansa, Vlastimil"]
[Black "Grigorov, Jordan N"]
[Result "1-0"]
[WhiteElo "2465"]
[BlackElo "2435"]

1.e4 e5 2.Nf3 Nc6 3.Bb5 a6 4.Ba4 Nf6 5.O-O b5 6.Bb3 Bb7 7.d3 Be7 8.Re1 O-O
9.a4 d6 10.Nc3 Na5 11.Ba2 b4 12.Ne2 c5 13.Ng3 Bc8 14.h3 Be6 15.Bxe6 fxe6
16.c3 bxc3 17.bxc3 Nd7 18.d4 exd4 19.cxd4 c4 20.Ba3 Rc8 21.Rb1 Rf7 22.d5 e5
23.Nf5 Nc5 24.Bxc5 Rxc5 25.Rb4 Bf8 26.Qe2 g6 27.Ne3 Rfc7 28.h4 Be7 29.h5 Kg7
30.Rb6 Rc8 31.Reb1 Qd7 32.Rxa6 c3 33.Rb5 Nb3 34.Rxb3 c2 35.Nxc2 Rxc2 36.Qe3 Rc1+
37.Ne1 h6 38.Kf1 Bg5 39.Ra7 R8c7 40.Rxc7 Rxc7 41.Qb6 Rc1 42.Qb8 Bd2 43.Ke2 Qg4+
44.Kd3 Bb4 45.Qb7+ Kg8 46.Qxb4 Rd1+ 47.Ke3 Qf4+ 48.Ke2 Rxe1+ 49.Kxe1  1-0

[Event "Prague zt"]
[Site "Prague"]
[Date "1985.??.??"]
[Round "7"]
[White "Ghinda, Mihail Viorel"]
[Black "Mokry, Karel"]
[Result "1/2-1/2"]
[WhiteElo "2475"]
[BlackElo "2490"]

1.e4 e5 2.Nf3 Nc6 3.Bb5 a6 4.Ba4 Nf6 5.O-O b5 6.Bb3 Bb7 7.Nc3 Be7 8.d3 d6
9.a4 b4 10.Ne2 Na5 11.Ba2 Rb8 12.Nd2 O-O 13.Ng3 Bc8 14.Nc4 Nxc4 15.Bxc4 a5
16.f4 d5 17.exd5 exf4 18.Bxf4 Nxd5 19.Bd2 Rb6 20.Kh1 Bb7 21.d4 Qd7 22.Bb5 Qe6
23.Qe1 Qg4 24.Qe4 Qc8 25.Nf5 Re6 26.Nxe7+ Nxe7 27.Qh4 Rg6 28.Rf2 Nf5 29.Qf4 Nd6
30.Bd3 f5 31.h3 Be4 32.Re1 b3 33.Bxa5 Qb7 34.Qd2 bxc2 35.Qxc2 Bxd3 36.Qxd3 Ne4
37.Rf3 Qxb2 38.Qb3+ Qxb3 39.Rxb3 Ra6 40.Bxc7 Rxa4 41.Be5 Ra7 42.Rc1  1/2-1/2

[Event "Sarajevo"]
[Site "Sarajevo"]
[Date "1985.??.??"]
[Round "13"]
[White "Popovic, Petar"]
[Black "Mikhalchishin, Adrian"]
[Result "1/2-1/2"]
[WhiteElo "2540"]
[BlackElo "2505"]

1.e4 e5 2.Nf3 Nc6 3.Bb5 a6 4.Ba4 Nf6 5.O-O b5 6.Bb3 Bb7 7.c3 Nxe4 8.d4 Be7
9.dxe5 Nc5 10.Bd5 d6 11.b4 Ne6 12.a4 O-O 13.Na3 Qc8 14.exd6 Bxd6 15.Be3  1/2-1/2

[Event "Tallinn"]
[Site "Tallinn"]
[Date "1985.??.??"]
[Round "?"]
[White "Kiik, A."]
[Black "Kuzmin, Gennadi P"]
[Result "0-1"]
[WhiteElo "2200"]
[BlackElo "2520"]

1.e4 e5 2.Nf3 Nc6 3.Bb5 a6 4.Ba4 Nf6 5.O-O b5 6.Bb3 Bb7 7.d3 Be7 8.Nc3 d6
9.a4 b4 10.Ne2 Na5 11.Ba2 O-O 12.Ng3 Rb8 13.Re1 c5 14.Nf5 Bc8 15.N3h4 Be6
16.Re3 Ne8 17.Nxe7+ Qxe7 18.Nf5 Bxf5 19.exf5 b3 20.Bd2 bxa2 21.Bxa5 Rxb2
22.Bc3 Rb1 23.Rxb1 axb1=Q 24.Qxb1 Qd7 25.a5 Nf6 26.Re1 Qxf5 27.Qb7 Qf4 28.h3 Qa4
29.Qxa6 Nd5 30.Ba1 Rd8 31.c4 Qb4 32.Kf1 Nf4 33.Qb6 Qxb6 34.axb6 Rb8 35.Rb1 Kf8
36.Rb3 Ke7 37.h4 Kd7 38.g3 Ne6 39.Bc3 Kc6 40.Ba5 Kb7 41.Bc3 Ra8 42.Ke2 Ra2+
43.Ke3 f5 44.Kf3 g6  0-1

[Event "OHRA-B"]
[Site "Brussels"]
[Date "1986.??.??"]
[Round "?"]
[White "Abramovic, Bosko"]
[Black "Flear, Glenn C"]
[Result "1-0"]
[WhiteElo "2445"]
[BlackElo "2505"]

1.e4 e5 2.Nf3 Nc6 3.Bb5 a6 4.Ba4 Nf6 5.O-O b5 6.Bb3 Bb7 7.c3 Nxe4 8.d4 Na5
9.Bc2 exd4 10.b4 Nc4 11.Bxe4 Bxe4 12.Re1 d5 13.Nxd4 Bd6 14.f3 Qh4 15.h3 Qg3
16.Nf5 Qh2+ 17.Kf2 O-O-O 18.fxe4 dxe4 19.Qg4 Ne5 20.Qxe4 Rhe8 21.Bg5 g6 22.Nd2 gxf5
23.Qxf5+ Rd7 24.Nf1 Qh1 25.Rad1 Re6 26.Bf4 Ng6 27.Bxd6 Rdxd6 28.Rxd6 cxd6
29.Rxe6 fxe6 30.Qxe6+ Kc7 31.Qf7+ Kb6 32.Qd7  1-0

[Event "Dortmund op"]
[Site "Dortmund"]
[Date "1986.??.??"]
[Round "4"]
[White "Lau, Ralf"]
[Black "Steczkowski, Kazimierz"]
[Result "1-0"]
[WhiteElo "2465"]
[BlackElo "2320"]

1.e4 e5 2.Nf3 Nc6 3.Bb5 a6 4.Ba4 Nf6 5.O-O b5 6.Bb3 Bb7 7.d3 Be7 8.Re1 O-O
9.Nbd2 d6 10.c3 h6 11.Nf1 Nh7 12.Ng3 Ng5 13.Nf5 Bf6 14.a3 Ne7 15.Ne3 Nxf3+
16.Qxf3 Bg5 17.Qh5 g6 18.Qg4 Kh7 19.h4 f5 20.exf5 gxf5 21.Nxf5 Rxf5 22.hxg5 Qf8
23.Be3  1-0

[Event "London op"]
[Site "London"]
[Date "1986.??.??"]
[Round "?"]
[White "Chandler, Murray G"]
[Black "Jacobs, Byron A"]
[Result "1-0"]
[WhiteElo "2535"]
[BlackElo "2295"]

1.e4 e5 2.Nf3 Nc6 3.Bb5 a6 4.Ba4 Nf6 5.O-O b5 6.Bb3 Bb7 7.c3 Nxe4 8.d4 Na5
9.Bc2 exd4 10.b4 Nc4 11.Bxe4 Bxe4 12.Re1 d5 13.Nxd4 Bd6 14.f3 Qh4 15.h3 Qg3
16.Nf5 Qh2+ 17.Kf2 O-O-O 18.fxe4 dxe4 19.Nxd6+ Rxd6 20.Qg4+ Kb8 21.Bf4 Rf6
22.Rxe4 Nd6 23.Rd4 Re8 24.Nd2 Ne4+ 25.Ke3 Rxf4 26.Qxf4 Nxd2+ 27.Kf2 Qxf4+
28.Rxf4 Ne4+ 29.Kf3 Nd6 30.Rd1 Re7 31.Rfd4 Kb7 32.R4d2 Re6 33.Re2 Rf6+ 34.Kg3 g6
35.Kh2 h5 36.Rd3 Rf5 37.a4 Kc6 38.a5 Rf1 39.Rf3 Rc1 40.Kg3 Rd1 41.Kf4 Rd5
42.Re5 Rd2 43.g3 Rh2 44.h4 Kd7 45.Kg5 Rd2 46.Kf6 Kc6 47.Ree3 Rd1 48.Rd3 Re1
49.Rxd6+ cxd6 50.Kxf7 Re5 51.Kxg6 Kd5 52.Rf5 Kc4 53.Rxh5  1-0

[Event "London"]
[Site "London"]
[Date "1986.??.??"]
[Round "10"]
[White "Chandler, Murray G"]
[Black "Flear, Glenn C"]
[Result "1/2-1/2"]
[WhiteElo "2535"]
[BlackElo "2485"]

1.e4 e5 2.Nf3 Nc6 3.Bb5 a6 4.Ba4 Nf6 5.O-O b5 6.Bb3 Bb7 7.c3 Nxe4 8.d4 Na5
9.Bc2 exd4 10.b4 Nc4 11.Bxe4 Bxe4 12.Re1 f5 13.Ng5 Be7 14.Qh5+ g6 15.Qh6 Bf8
16.Qh3 Be7 17.Qh6 Bf8 18.Qh3 Be7  1/2-1/2

[Event "Lvov Int"]
[Site "Lvov"]
[Date "1986.??.??"]
[Round "?"]
[White "Grigorov, Jordan N"]
[Black "Malaniuk, Vladimir P"]
[Result "0-1"]
[WhiteElo "2410"]
[BlackElo "2495"]

1.e4 e5 2.Nf3 Nc6 3.Bb5 a6 4.Ba4 Nf6 5.O-O b5 6.Bb3 Bb7 7.d3 Be7 8.a4 O-O
9.Nc3 b4 10.Nd5 Nxd5 11.Bxd5 d6 12.d4 Qc8 13.dxe5 Nxe5 14.Nxe5 dxe5 15.Qh5 Bxd5
16.exd5 f5 17.Qe2 Bd6 18.c4 bxc3 19.bxc3 Qd7 20.c4 Qe7 21.Qa2 e4 22.c5 Bxc5
23.d6+ Qf7 24.dxc7 Bd6 25.Ba3 Bxa3 26.Qxa3 Qxc7 27.Rfc1 Qe5 28.Qc5 Qf6 29.Qc3 Qg6
30.Qg3 Qh6 31.Qe3 Qe6 32.Rab1 Rac8 33.g3 h6 34.Rxc8 Rxc8 35.Qb3 Qxb3 36.Rxb3 Rc4
37.Rb8+ Kh7 38.Rf8 Kg6 39.a5 Rc5 40.g4 fxg4 41.Rf4 Re5  0-1